| 000 | 00600cam a2200217 a 4500 | ||
|---|---|---|---|
| 001 | 3261551 | ||
| 005 | 20180220035931.0 | ||
| 008 | 811211s1982 nyua b 001 0 eng | ||
| 010 | _a 81021436 | ||
| 020 |
_a0312273169 : _c$20.00 |
||
| 040 |
_aDLC _cDLC _dDLC |
||
| 041 | _aeng | ||
| 080 | _a658.402 kay | ||
| 082 | 0 | 0 |
_a658.402 kay _219 |
| 100 | 1 | _a54 | |
| 101 | _aman | ||
| 245 | 1 | 4 |
_aThe evolving firm : _cNeil M. Kay. |
| 504 | _aBibliography: p. 165-170. | ||
| 906 |
_a7 _bcbc _corignew _d1 _eocip _f19 _gy-gencatlg |
||
| 942 |
_2ddc _cBK |
||
| 999 |
_c42881 _d42881 |
||